01771cam a22002895a 4500999001700000005001700017008004100034020001800075040005000093082002100143100002100164245014700185250001200332260006100344300003500405504005200440520064200492610004201134650003601176651001001212653002201222700002001244700002101264776003501285942000801320952015301328 c27279d2725020190327141513.0180119s2018 enka frb 001 0 eng d z9780813350868 aStDuBDSbengcStDuBDSdUkdEG-ScBUEdEG-ScBUE04a338.927bKAM2221 aKamau, Macharia.10aTransforming multilateral diplomacy :bthe inside story of the sustainable development goals /cMacharia Kamau, Pamela Chasek, David O'Connor. a1st ed. aOxon ;aNew York ;bRoutledge / Taylor & Francis,c2018. axxiv, 341 p. :bill. ;c24 cm. aIncludes bibliographical references and index.  aTransforming Multilateral Diplomacy provides the inside view of the negotiations that produced the UN Sustainable Development Goals (SDGs). Not only did this process mark a sea change in how the UN conducts multilateral diplomacy, it changed the way the UN does its business. This book tells the story of the people, issues, negotiations, and paradigm shifts that unfolded through the Open Working Group (OWG) on SDGs and the subsequent negotiations on the 2030 Sustainable Development Agenda, from the unique point of view of Ambassador Macharia Kamau, and other key participants from governments, the UN Secretariat, and civil society.27aSustainable Development Goals.2BUEsh 7aInternational relations.2BUEsh 2BUEsh bBUSBOLcMarch20191 aChasek, Pamela.1 aO'Connor, David.08iPrint version :z9781138589988 2ddc 00102ddc40708AlahramaMAINbMAINc1STd2019-03-23ePurchaseg635.00h526l1o338.927 KAMp000043279r2025-07-15 00:00:00s2021-12-04v793.75yBB